000 00975nam0a22002411 4500
001 rc\4941426
005 20260407140314.0
021 _aRU
_bРг3570-63
035 _a(NLR Aleph) 008852384
090 _a8408796
_c8408796
100 _a20130426d1963 |||y0rusy50 ca
101 0 _arus
102 _aRU
105 _aa z |||||
200 1 _aУниверсальный монохроматор УМ-2
_eОписание и руководство к пользованию
_fЛенсовнархоз. Ордена Ленина Ленингр. объединение оптико-механ. предприятий
210 _a[Ленинград]
_cБ. и.
_d1963
215 _a22 с.
_cил.
_d16
712 0 2 _aЛенинградское оптико-механическое объединение им. В. И. Ленина
_9509262
_3RU\NLR\AUTH\8810005908
801 0 _aRU
_bNLR
_gpsbo
801 1 _aRU
_bELAR
_2rusmarc
852 _aNLR
_j63-2/1230
942 _cBOOK
980 _aNB